01258nab a2200253 i 4500001000400000003000400004005001700008008003900025040000800064041000800072044000800080080001500088080000800103100011300111245017700224260001000401500002100411520038900432650001500821650001600836650001600852700003500868773010100903BPPBPK20170224101457.0140611s2010 eng f |000 0 pol cBPK apol aENG a004.92/.94 a664 aWACHOWICZ, Ewa.d1996 - .bPolitechnika Koszalińska - Wydział Mechaniczny,cKatedra Systemów Sterowania aComprehensive model of processes proceeding at a mushroom-growing cellar = Kompleksowy model procesów występujących w pieczarkarni /cEwa Wachowicz, Leonard Woroncow. c2010. aDane z autopsji. aW pracy omówiono kompleksowy, matematyczny i komputerowy model pieczarkarni. W jego skład wchodzą modele procesów technologicznych występujących w pieczarkarniach, a także modele układów wentylacji i klimatyzacji oraz model systemu sterowania. Przedstawiono wyniki badań symulacyjnych pieczarkarni, przeprowadzonych z wykorzystaniem środowiska programowego MATLAB. 0aPieczarka. 0aWentylacja. 0aSterowanie. aWORONCOW, Leonard - doktorant. iW :tTechnical Sciences. -dOlsztyn : Uniwersytet Warmińsko-Mazurski. -g2010, nr 13, s. 30-39